| 000 | 01206cam a22003494a 4500 | ||
|---|---|---|---|
| 999 |
_c9910 _d9910 |
||
| 001 | 9910 | ||
| 003 | BD-JhCC | ||
| 005 | 20180403121445.0 | ||
| 008 | 180403s2008 sa a b 001 0 eng c | ||
| 020 | _a9781770076587 (hbk.) | ||
| 020 | _a1770076581 (hbk.) | ||
| 020 | _a9781770076679 (slipcase) | ||
| 020 | _a1770076670 (slipcase) | ||
| 020 | _a9781770076662 (leatherbound) | ||
| 020 | _a1770076662 (leatherbound) | ||
| 035 |
_a(OCoLC)ocn227277885 _a(BD-JhCC)9910 |
||
| 040 |
_aUKM _cUKM _dBTCTA _dOCLCG _dYDXCP _dTXA _dDLC _dBD-JhCC |
||
| 041 | _aeng | ||
| 050 | 0 | 0 |
_aGV926 _b.W66 2008 |
| 082 |
_bWOO 2008 _a796.358 |
||
| 100 | 1 |
_aWoolmer, Bob, _d1948-2007. |
|
| 245 | 1 | 0 |
_aBob Woolmer's art and science of cricket / _c[Bob Woolmer, Tim Noakes ; with Helen Moffett ; with a foreword by Richie Benaud]. |
| 246 | 3 | 0 | _aArt and science of cricket |
| 260 |
_aCape Town : _bStruik ; _aLondon : _bNew Holland [distributor], _cc2008. |
||
| 300 |
_a655 p. : _bill. (some col.) ; _c26 cm. |
||
| 504 | _aIncludes bibliographical references (p. 643-648) and index. | ||
| 650 | 0 |
_aCricket _xCoaching. |
|
| 700 | 1 |
_aNoakes, Timothy, _d1949- |
|
| 700 | 1 | _aMoffett, Helen. | |
| 942 |
_2ddc _cBK |
||